| 000 | 00796nas a2200277 4500 | ||
|---|---|---|---|
| 001 | BR7700676 | ||
| 003 | BR-BrBNA | ||
| 005 | 20231205083049.0 | ||
| 007 | ta | ||
| 008 | 230509b bl.|||p| |||| 00| 00por d | ||
| 040 |
_aBR-BrBNA _bpor _cBiblioteca Nacional de Agricultura |
||
| 041 | _a(Pt) | ||
| 072 | _aE70 | ||
| 100 | 1 | _aBrandt, S.A. | |
| 100 | 1 | _aTeixeira, T.D. | |
| 100 | 1 | _aSousa, A.F. de | |
| 100 | 1 | _aAad Neto, A. | |
| 100 | 1 | _aMorimoto, P.T. | |
| 245 | 1 | _aFuncao de oferta de amendoim no estado de Sao Paulo [Arachis hipogeae, Brasil] | |
| 650 | _aAMENDOIM | ||
| 650 | _aOFERTA | ||
| 650 | _aSAO PAULO | ||
| 773 | 0 |
_tRevista Ceres (Brazil) _xISSN 0034-737X _g(May 1976), v. 23(127) p. 151-156 _wBR7700676 |
|
| 909 |
_a202311 _bLúcia _c55 _dLúcia Elande |
||
| 942 |
_2AGRIS _n0 _cANA |
||
| 999 |
_c96145 _d96145 |
||